000 01045cam a22003137a 4500
001 6340
003 FISKH
005 20250731134726.0
008 061201s2007 nyua 000 0 eng
010 _a 2006939538
020 _a9781423102908 (pbk.)
020 _a1423102908
040 _aDLC
_cDLC
_dDLC
_beng
050 _aPZ7
082 _a813.6
100 1 _aAlfonsi, Alice.
245 1 0 _aFriends forever /
_cadapted by Alice Alfonsi.
260 _aNew York :
_bHyperion Paperbacks for Children,
_c2007.
300 _a144 pages :
_bcolor illustrations ;
_c20 cm
490 0 _aW.i.t.c.h. chapter books ;
_vBook 26
505 _aP
520 _aWhen Will's dad returns to town, Will is forced to choose between her father and her mother, while her father threatens Taranee's mother with blackmail.
521 8 _a600
_bLexile estimate
521 8 _aP
_bRaz-Plus
650 _aFriendship
_vGraphic novel
_xAdventure
_yWitch
906 _a7
_bcbc
_corignew
_d4
_encip
_f20
_gy-gencatlg
942 _2ddc
_cBK
_n0
999 _c6340
_d6340